Tuyển chọn những bài ôn luyện thi vào đại học, cao đẳng môn sinh học

Enregistré dans:
Détails bibliographiques
Auteur principal: Lê, Đình Trung
Format: Livre
Langue:Undetermined
Publié: Hà Nội Giáo Dục 2004
Sujets:
Tags: Ajouter un tag
Pas de tags, Soyez le premier à ajouter un tag!
Thư viện lưu trữ: Trung tâm Học liệu Trường Đại học Cần Thơ
LEADER 00611nam a2200181Ia 4500
001 CTU_90862
008 210402s9999 xx 000 0 und d
082 |a 570.7 
082 |b Tr513 
100 |a Lê, Đình Trung 
245 0 |a Tuyển chọn những bài ôn luyện thi vào đại học, cao đẳng môn sinh học 
245 0 |c Lê Đình Trung, Trịnh Đức Anh, Bùi Đình Hội 
260 |a Hà Nội 
260 |b Giáo Dục 
260 |c 2004 
650 |a Biology 
904 |i Tuyến (Nguyên sửa) 
980 |a Trung tâm Học liệu Trường Đại học Cần Thơ